Statistics for Our Song - Taylor Swift (All Lyrics)

Click here to take the quiz!

General Stats

  • This quiz has been taken 994 times
  • The average score is 325 of 366

Answer Stats

Answer% Correct
I
100%
i
100%
a
99%
is
99%
our
99%
Our
99%
song
99%
the
99%
The
99%
an
98%
and
98%
And
98%
don't
98%
on
98%
when
98%
When
98%
you
98%
door
97%
he
97%
it
97%
we
97%
your
97%
have
96%
know
96%
late
96%
my
96%
talk
96%
window
96%
Cause
95%
cause
95%
his
95%
it's
95%
real
95%
said
95%
slow
95%
was
95%
his
94%
phone
94%
car
93%
in
93%
In
93%
of
93%
slamming
93%
tapping
93%
front
92%
out
92%
screen
92%
Got
91%
got
91%
hair
91%
seat
91%
way
91%
with
91%
as
90%
should
90%
undone
90%
hand
89%
how
89%
just
89%
kiss
89%
riding
89%
says
89%
shotgun
89%
Sneakin
89%
thinking
89%
we're
89%
again
88%
down
88%
first
88%
heart
88%
home
88%
mama
88%
one
88%
other
88%
Play
88%
play
88%
wheel
88%
Baby
87%
could
87%
didn't
87%
if
87%
radio
87%
something
87%
wrong
87%
didn't
86%
God
86%
nothing
86%
Asking
85%
laugh
85%
amen
84%
steering
84%
turn
84%
date
82%
for
81%
her
81%
He's
81%
look
80%
around
78%
that
77%
That
77%
to
74%
man
72%
all
68%
every
67%
day
66%
fore
66%
note
64%
roses
64%
everything
63%
feel
63%
him
63%
notice
62%
porch
62%
wrote
62%
after
61%
almost
61%
bed
59%
good
59%
up
59%
Had
58%
away
57%
come
57%
been
56%
trampled
56%
gone
55%
lost
55%
napkin
55%
pen
55%
talks
55%
walking
54%
lovin
53%
thrown
53%
along
52%
hallway
52%
I've
52%
old
52%
well
52%
album
51%
heard
51%
laughs
51%
grabbed
50%
steps
50%
listened
49%
Waited
29%

Score Distribution

Percentile by Number Answered

Percent of People with Each Score

Your Score History

You have not taken this quiz